| 000 | 00687cam a22002293a 4500 | ||
|---|---|---|---|
| 001 | 9954 | ||
| 003 | PGUSA | ||
| 005 | 20140828083218.0 | ||
| 008 | 060201s2006||||xxu|||||s|||||000 | eng d | ||
| 040 |
_aPGUSA _beng |
||
| 042 | _adc | ||
| 050 | 4 | _aTS | |
| 100 | 1 | _aBore, Henry | |
| 245 | 1 | 4 |
_aThe Story of the Invention of Steel Pens : _bWith a Description of the Manufacturing Process by Which They Are Produced _h[electronic resource] / _cHenry Bore |
| 260 |
_bProject Gutenberg, _c2006 |
||
| 506 | _aPublic domain in the USA. | ||
| 516 | _aElectronic text | ||
| 653 | _aPens | ||
| 830 | 0 |
_aProject Gutenberg _v9954 |
|
| 856 | 4 | 0 | _uhttp://www.gutenberg.org/ebooks/9954 |
| 942 | _cEB | ||
| 999 |
_c239210 _d239210 |
||